000 01642cam a22004574i 4500
003 PE-LiUPU
005 20250731172916.0
008 150617s r 000 0 d
035 _a(Sirsi) a18899
040 _aPE-LiUPU
_bspa
_cPE-LiUPU
_erda
049 _aPRUA
082 0 4 _a253.78
_bB85
_221
100 1 _aBruchez, Dardo,
_eautor.
245 1 3 _aUn Mensaje a la Conciencia y el Hermano Pablo /
_cDardo Brunchez.
264 1 _aMiami :
_bEditorial Caribe,
_c[1979].
300 _a128 páginas ;
_c20 cm
336 _atext
_2rdacontent
337 _aunmediated
_2rdamedia
338 _avolume
_2rdacarrier
505 0 _aElena Marcelina -- Un mensaje. Semblanza de un ministerio -- La bendición -- Campos blancos de algodón -- ¡Nace un mensaje a la conciencia! -- "Cartas" -- "Reclamo este edificio para su gloria" -- El visionario -- La proyección hacia el futuro.
526 _aSEG42
526 _aSEG41
526 _aSEG40
526 _aSEG39
526 _aP94
526 _aP87
526 _aP86
526 _aP85
526 _aP77
526 _aP76
526 _aP35
600 0 4 _aPablo,
_cHermano.
650 1 4 _aEvangelistas
_vBiografías.
910 _ajck
_bjvq
_cjck
_d20150616
942 _2ddc
_cBOOK
949 _a253.78 B85
_wDEWEY
_c1
_i19053
_lCCODEBUL1
_mBUL
_p00.00
_r0
_sY
_tBOOK
_u19810423
_xTEOLOGIA
_PP35
_0COMPRA
_o.STAFF. Colección General
994 _aC0
_bPEPRU
596 _a1
999 _a253.78 B85
_wDEWEY
_c18641
_i19053
_f2021-11-12
_g5
_lCCODEBUL1
_mBUL
_r0
_sY
_tBOOK
_u2015-6-17
_xTEOLOGIA
_PP35
_0COMPRA
_o.STAFF. Colección General
_d18641
980 _81
_gALBERTO SANCHEZ Responsable de Automatización